| 000 | 00659nam a22001697a 4500 | ||
|---|---|---|---|
| 005 | 20120508113758.0 | ||
| 020 | _c00.00 | ||
| 035 | _aA-904462 | ||
| 037 |
_aDPL _bENG |
||
| 100 |
_aShashikant, Uma _946627 |
||
| 245 |
_aGlobal portfolio investments in emerging markets and India / _cby Uma Shashikant and Kamla Suri |
||
| 260 |
_aBombay _bUTI Institute of Capital Markets _c1996 |
||
| 300 |
_avi, 180p. _c20 cms. |
||
| 700 |
_aSuri, Kamla _946628 |
||
| 942 |
_2ddc _cEN _h332.63 _mSHA |
||
| 999 |
_c66313 _d66313 |
||